Inefficient markets: an introduction to behavioral finance

Uloženo v:
Podrobná bibliografie
Hlavní autor: Shleifer, Andrei (Autor)
Médium: Kniha
Jazyk:angličtina
Vydáno: Oxford Oxford University 2000
Vydání:1a. ed
Edice:Clarendon Lectures in Economics
Témata:
Tagy: Přidat tag
Žádné tagy, Buďte první, kdo vytvoří štítek k tomuto záznamu!

MARC

LEADER 00000nam a2200000 a 4500
001 UCJ9042
003 CL-VaPUC
008 070302e20000000UK |||||||||||||||||eng|d
020 |a 0198292279 
082 0 4 |a 332.6  |b SHL  |2 21 
100 0 |a Shleifer, Andrei  |e author  |9 518938 
245 1 0 |a Inefficient markets: an introduction to behavioral finance 
250 |a 1a. ed 
300 |a 216 p 
942 |c BK 
945 |d 20070302 00:00:00  |a cmena 
260 |a Oxford  |b Oxford University  |c 2000 
650 0 |a Empresas   |9 255569 
650 0 |a Proyectos de inversión   |9 261065 
650 0 |a Mercado financiero  |9 334172 
650 0 |a Administración financiera  |9 261146 
650 0 |a Planificación estratégica   |9 259735 
650 7 |a SEGUROS  |2 CL-VaPUC  |9 518939 
650 0 |a Riesgos   |9 430723 
583 |a last modification  |c 20070302 00:00:00  |k Rodrigo Vera 
490 0 |a Clarendon Lectures in Economics 
999 |c 324681  |d 324679 
952 |0 0  |1 0  |4 0  |6 332_600000000000000_SHL_2000  |7 0  |8 A  |9 404973  |a BIBGIM  |b BIBGIM  |d 2019-11-22  |i 4315316  |o 332.6 SHL 2000  |p 4315316  |r 2025-01-15  |w 2019-11-22  |y BK  |k COM